Η Ανάπτυξη της Γλώσσας (Record no. 8160)
[ view plain ]
| 000 -LEADER | |
|---|---|
| fixed length control field | 01951cam a22001934a 4500 |
| 005 - ΗΜΕΡΟΜΗΝΙΑ ΚΑΙ ΩΡΑ ΤΕΛΕΥΤΑΙΑΣ ΕΝΗΜΕΡΩΣΗΣ | |
| Πεδίο ελέγχου | 20250605164328.0 |
| 008 - FIXED-LENGTH DATA ELEMENTS--GENERAL INFORMATION | |
| Πεδίο ελέγχου σταθερού μήκους | 250528s ||||||||||||||||||||||||d |
| 035 ## - SYSTEM CONTROL NUMBER | |
| System control number | 23130 |
| 020 ## - ISBN | |
| ISBN | 9600219214 |
| 040 ## - ΠΗΓΗ ΚΑΤΑΛΟΓΟΓΡΑΦΗΣΗΣ | |
| Φορέας πρωτότυπης καταλογογράφησης | MC Athens Campus Library |
| Γλώσσα καταλογογράφησης | Ελληνικά, Μοντέρνα (1453-) |
| Modifying agency | MC Athens Campus Library |
| Κανόνες περιγραφικής καταλογογράφησης | AACR2 |
| 245 1# - ΤΙΤΛΟΣ ΚΑΙ ΔΗΛΩΣΗ ΥΠΕΥΘΥΝΟΤΗΤΑΣ | |
| Τίτλος | Η Ανάπτυξη της Γλώσσας |
| 260 ## - PUBLICATION, DISTRIBUTION, ETC. | |
| Name of publisher, distributor, etc. | Παπαζήση, |
| Date of publication, distribution, etc. | 2005 |
| 300 ## - PHYSICAL DESCRIPTION | |
| Extent | 216 |
| 520 ## - SUMMARY, ETC. | |
| Summary, etc. | Πρόλογος, Η Γλώσσα ως Σύστημα και ως Συμπεριφορά, Αποσαφήνιση Βασικών Όρων: Γλώσσα και Ομιλία και Επικοινωνία, Η Μελέτη της Παιδικής Γλώσσας, Η Φιλογένεση της Γλώσσας, Προϋποθέσεις για την Ανάπτυξη της Γλώσσας, Όργανα Προσληψης και Παραγωγή της Ομιλίας, Ακουστική Διάκριση των Συστατικών του Γλωσσικού Κώδικα, Μνήμη, Γνωστικές Ικανότητες, Προσοχή, Κίνητρα, Ο Ρόλος των Περιβαλλοντικών Ερεθισμάτων στην Ανάπτυξη της Γλώσσας, Χαρακτηριστικά της Προσωπικότητας, Κρίσιμες Περίοδοι στην Ανάπτυξη της Γλώσσας, Φωνολογική Ανάπτυξη, Η Ανάπτυξη του Λεξιλογίου, Η Ανάπτυξη της Γραμματικής, Η Ανάπτυξη του Συντακτικού, Η Κατάκτηση των Μορφολογικών Γνώσεων, Η Ανάπτυξη των Λειτουργιών της Γλώσσας, Ο Διάλογος Μεταξύ των Σύγχρονων Θεωριών Γλωσσικής Ανάπτυξης, Βιβλιογραφία, Ευρετήριο Όρων και Συγγραφέων. |
| 700 1# - ΠΡΟΣΘΕΤΗ ΑΝΑΓΡΑΦΗ--ΦΥΣΙΚΟ ΠΡΟΣΩΠΟ | |
| Personal name | Παπαηλίου Χριστίνα Φιλ |
| 9 (RLIN) | 8693 |
| 942 ## - ADDED ENTRY ELEMENTS (KOHA) | |
| Koha item type | Books |
| Τύπος τεκμηρίου | Βιβλιοθήκη | Τρέχουσα τοποθεσία | Barcode | Αριθμός εισαγωγής | Ημερομηνία απόκτησης | Ταξιθετικό σύμβολο | Αριθμός αντιτύπου | Κατάσταση απόσυρσης | Κατάσταση χαμένου | Κατάσταση κατεστραμμένου | Μη δανεισμός | Σύνολο δανεισμών | Ημερομηνία τελευταίας εμφάνισης | Η τιμή ισχύει από |
|---|---|---|---|---|---|---|---|---|---|---|---|---|---|---|
| Books | MC Athens Campus Library | MC Athens Campus Library | 9780000081599 | 7644 | 05/06/2025 | 155.422 PAP | 1 | 05/06/2025 | 05/06/2025 |